[Event "DEN-chT2 Gr2"]
[Site "Denmark"]
[Date "2019.03.10"]
[Round "7"]
[White "Svendsen, Mads B"]
[Black "Ahlander, Bjorn"]
[Result "1/2-1/2"]
[WhiteElo "2141"]
[BlackElo "2426"]
[PlyCount "134"]
[EventDate "2018.10.28"]
[EventType "team-tourn"]
[EventRounds "7"]
[EventCountry "DEN"]
[SourceTitle "EXT 2025"]
[Source "ChessBase"]
[SourceDate "2024.10.14"]
[SourceVersion "1"]
[SourceVersionDate "2024.10.14"]
[SourceQuality "1"]
[WhiteTeam "Norre Aaby"]
[BlackTeam "Koge Champ Team"]
[WhiteTeamCountry "DEN"]
[BlackTeamCountry "DEN"]

1. d4 Nf6 2. c4 e6 3. Nc3 d5 4. cxd5 exd5 5. Bg5 c6 6. e3 h6 7. Bh4 Be7 8. Bd3 Nbd7 9. Qc2 Nh5 10. Bxe7 Qxe7 11. Nge2 Nb6 12. 0-0 0-0 13. a4 a5 14. Qb3 Nd7 15. Qa3 Qh4 16. Ng3 Nxg3 17. hxg3 Qh5 18. Ne2 Nf6 19. Nf4 Qg5 20. Qe7 Bd7 21. Nh3 Qg4 22. b4 Rfe8 23. Qd6 axb4 24. Qxb4 Rab8 25. a5 g5 26. Qd6 Kg7 27. Rfb1 Rbd8 28. Qc7 Bc8 29. a6 bxa6 30. Qxc6 Re6 31. Qc7 Rde8 32. Qc2 Rd6 33. Qc7 Qe6 34. Bf5 Rc6 35. Bxe6 Rxc7 36. Bxc8 Rexc8 37. f3 Rc2 38. Rxa6 Re2 39. Rf1 Rxe3 40. Ra4 Rc2 41. g4 Rd3 42. Rf2 Rc4 43. Rxc4 dxc4 44. Rc2 Rxd4 45. Nf2 Kg6 46. Kf1 Nd5 47. Ke2 h5 48. gxh5+ Kxh5 49. g3 Kg6 50. Ng4 Nb6 51. Rb2 Nd7 52. Rd2 Rxd2+ 53. Kxd2 Nb6 54. Kc3 f6 55. Ne3 Nc8 56. Kxc4 Nd6+ 57. Kd5 Nf7 58. f4 Nh6 59. Ke6 gxf4 60. gxf4 Nf7 61. f5+ Kg7 62. Nd5 Ng5+ 63. Ke7 Ne4 64. Nf4 Kh6 65. Nd5 Kg5 66. Nxf6 Nxf6 67. Kd6 Kf4 1/2-1/2

[Event "Odense Fynsmesterskabet"]
[Site "Odense"]
[Date "2011.06.04"]
[Round "6"]
[White "Svendsen, Mads B"]
[Black "Danielsen, Henrik"]
[Result "0-1"]
[WhiteElo "2163"]
[BlackElo "2545"]
[PlyCount "80"]
[EventDate "2011.06.01"]
[EventType "swiss"]
[EventRounds "9"]
[EventCountry "DEN"]
[SourceTitle "CBM 142 Extra"]
[Source "ChessBase"]
[SourceDate "2011.06.27"]
[SourceVersion "1"]
[SourceVersionDate "2011.06.27"]
[SourceQuality "1"]

1. d4 Nf6 2. c4 e6 3. Nc3 Bb4 4. f3 d5 5. a3 Be7 6. e4 dxe4 7. fxe4 e5 8. d5 Bc5 9. Nf3 Bg4 10. h3 Bxf3 11. Qxf3 Nbd7 12. Bd3 a5 13. Bc2 0-0 14. Bg5 Qc8 15. Rd1 Ne8 16. Rf1 Nd6 17. b3 Bxa3 18. Be7 Bc5 19. Bxf8 Qxf8 20. Qg4 Qe7 21. Rd3 Nf6 22. Qh4 Bb4 23. Rg3 Nxd5 24. Qh6 Bxc3+ 25. Kd1 Ne3+ 26. Qxe3 Bd4 27. Qh6 Ne8 28. Qh5 Rd8 29. Bd3 f6 30. Qg4 c6 31. Ke2 Bc5 32. h4 Nc7 33. h5 Ne6 34. Qh4 Nf4+ 35. Kd2 Nxd3 36. Rxd3 Bb4+ 37. Kc2 Rxd3 38. Kxd3 Qd6+ 39. Ke2 Qd2+ 40. Kf3 Qd3+ 0-1

[Event "Odense Fynsmesterskabet"]
[Site "Odense"]
[Date "2011.06.01"]
[Round "1"]
[White "Milov, Vadim"]
[Black "Svendsen, Mads B"]
[Result "1-0"]
[WhiteElo "2648"]
[BlackElo "2163"]
[PlyCount "41"]
[EventDate "2011.06.01"]
[EventType "swiss"]
[EventRounds "9"]
[EventCountry "DEN"]
[SourceTitle "CBM 142 Extra"]
[Source "ChessBase"]
[SourceDate "2011.06.27"]
[SourceVersion "1"]
[SourceVersionDate "2011.06.27"]
[SourceQuality "1"]

1. d4 Nf6 2. c4 g6 3. Nc3 d5 4. Nf3 Bg7 5. Bg5 dxc4 6. e4 c5 7. d5 b5 8. e5 Ng4 9. Bf4 Qa5 10. h3 g5 11. Bg3 f5 12. hxg4 f4 13. Bh2 Bxg4 14. Be2 h6 15. 0-0 0-0 16. a4 b4 17. Ne4 Nd7 18. Nfxg5 Bxe2 19. Qxe2 hxg5 20. Nxg5 Nxe5 21. Qe4 1-0

[Event "Baltic Sea Cup"]
[Site "Ronne"]
[Date "2007.08.03"]
[Round "6.18"]
[White "Palm, Nikolaj"]
[Black "Svendsen, Mads B"]
[Result "1/2-1/2"]
[WhiteElo "2308"]
[BlackElo "2178"]
[PlyCount "57"]
[EventDate "2007.07.30"]
[EventType "swiss"]
[EventRounds "9"]
[EventCountry "DEN"]
[SourceTitle "EXT 2023"]
[Source "ChessBase"]
[SourceDate "2022.10.05"]
[SourceVersion "1"]
[SourceVersionDate "2022.10.05"]
[SourceQuality "1"]

1. d4 g6 2. Nf3 Bg7 3. e3 d6 4. b3 Nd7 5. Bb2 e5 6. c4 Nh6 7. Qc2 0-0 8. Nc3 exd4 9. Nxd4 Re8 10. Be2 a5 11. 0-0 Nc5 12. Rad1 Nf5 13. Nd5 c6 14. Nf4 Nxd4 15. Bxd4 Bf5 16. Qb2 Bxd4 17. Rxd4 Qf6 18. Rfd1 Ne4 19. Bf3 a4 20. bxa4 Rxa4 21. Qxb7 Rxa2 22. Qb3 Raa8 23. Bxe4 Bxe4 24. Rxd6 Qe5 25. Ne2 Bd5 26. Rd7 Reb8 27. Qc3 Qe6 28. R7xd5 cxd5 29. cxd5 1/2-1/2

[Event "Baltic Sea Cup"]
[Site "Ronne"]
[Date "2007.08.01"]
[Round "3.29"]
[White "Svendsen, Mads B"]
[Black "Andersen, Daniel"]
[Result "1-0"]
[WhiteElo "2178"]
[BlackElo "1997"]
[PlyCount "37"]
[EventDate "2007.07.30"]
[EventType "swiss"]
[EventRounds "9"]
[EventCountry "DEN"]
[SourceTitle "EXT 2023"]
[Source "ChessBase"]
[SourceDate "2022.10.05"]
[SourceVersion "1"]
[SourceVersionDate "2022.10.05"]
[SourceQuality "1"]

1. d4 Nf6 2. c4 g6 3. Nc3 d5 4. Nf3 Bg7 5. Qb3 dxc4 6. Qxc4 0-0 7. e4 Nfd7 8. Be3 Nb6 9. Qb3 Bg4 10. Rd1 Nc6 11. d5 Ne5 12. Be2 Nxf3+ 13. gxf3 Bh3 14. Rg1 Qc8 15. a4 Nd7 16. Rg3 Nf6 17. f4 Bd7 18. e5 Ng4 19. e6 1-0

[Event "Baltic Sea Cup"]
[Site "Ronne"]
[Date "2007.07.31"]
[Round "2.9"]
[White "Kasparov, Sergey"]
[Black "Svendsen, Mads B"]
[Result "1-0"]
[WhiteElo "2500"]
[BlackElo "2178"]
[PlyCount "83"]
[EventDate "2007.07.30"]
[EventType "swiss"]
[EventRounds "9"]
[EventCountry "DEN"]
[SourceTitle "EXT 2023"]
[Source "ChessBase"]
[SourceDate "2022.10.05"]
[SourceVersion "1"]
[SourceVersionDate "2022.10.05"]
[SourceQuality "1"]

1. e4 c5 2. Nf3 g6 3. c4 Nc6 4. d4 cxd4 5. Nxd4 Nf6 6. Nc3 d6 7. Be2 Nxd4 8. Qxd4 Bg7 9. Be3 0-0 10. Qd2 Be6 11. Rc1 a5 12. f3 a4 13. 0-0 Qa5 14. Nd5 Qxd2 15. Bxd2 Nxd5 16. cxd5 Bd7 17. Bc3 Rfc8 18. Bxg7 Kxg7 19. Kf2 a3 20. b3 f5 21. exf5 Bxf5 22. Ke3 Kf6 23. Kd4 g5 24. Bd3 Bxd3 25. Kxd3 Ke5 26. Rce1+ Kf6 27. Re6+ Kf7 28. f4 g4 29. Rfe1 Rc7 30. Rh6 Kg7 31. Rh4 Ra5 32. Rxg4+ Kf7 33. Rg5 h6 34. Rf5+ Kg6 35. g4 Rac5 36. Re6+ Kg7 37. g5 h5 38. g6 Rc3+ 39. Ke4 Rxb3 40. Rf7+ Kg8 41. Rexe7 Rc4+ 42. Kf5 1-0

[Event "Politiken Cup 26th"]
[Site "Copenhagen"]
[Date "2004.08.01"]
[Round "10"]
[White "Vul, Arkadi Eremeevich"]
[Black "Svendsen, Mads B"]
[Result "1-0"]
[WhiteElo "2438"]
[BlackElo "2151"]
[PlyCount "91"]
[EventDate "2004.07.24"]
[EventType "swiss"]
[EventRounds "10"]
[EventCountry "DEN"]
[SourceTitle "CBM 101 Extra"]
[Source "ChessBase"]
[SourceDate "2004.09.01"]
[SourceVersion "2"]
[SourceVersionDate "2004.09.01"]
[SourceQuality "1"]

1. Nf3 g6 2. c4 Bg7 3. d4 Nf6 4. g3 0-0 5. Bg2 d5 6. 0-0 dxc4 7. Na3 Nc6 8. Nxc4 Be6 9. b3 Bd5 10. Bb2 a5 11. Rc1 a4 12. bxa4 Ra6 13. Nfe5 Bxg2 14. Kxg2 Qa8 15. Nxc6 bxc6 16. Ba3 c5+ 17. Kg1 cxd4 18. Bxe7 Re8 19. Bxf6 Bxf6 20. a5 Qd5 21. Qd3 Rae6 22. Rc2 h5 23. f3 Kg7 24. e4 Qd7 25. Re1 h4 26. Rec1 Rh8 27. Ne3 hxg3 28. hxg3 Qd6 29. Nf1 Qb4 30. a6 Qa5 31. Rc6 Qxa2 32. Rxe6 Qxe6 33. Rxc7 Qb6 34. Rb7 Qc5 35. a7 Ra8 36. Qb3 d3+ 37. Kg2 Qc2+ 38. Qxc2 dxc2 39. Rc7 Rxa7 40. Rxc2 Bd4 41. f4 g5 42. Kf3 gxf4 43. gxf4 f6 44. Ng3 Kf7 45. Nf5 Rd7 46. Rd2 1-0

[Event "Politiken Cup 26th"]
[Site "Copenhagen"]
[Date "2004.07.29"]
[Round "7"]
[White "Svendsen, Mads B"]
[Black "Lahlum, Hans Olav"]
[Result "1/2-1/2"]
[WhiteElo "2151"]
[BlackElo "2254"]
[PlyCount "20"]
[EventDate "2004.07.24"]
[EventType "swiss"]
[EventRounds "10"]
[EventCountry "DEN"]
[SourceTitle "CBM 101 Extra"]
[Source "ChessBase"]
[SourceDate "2004.09.01"]
[SourceVersion "2"]
[SourceVersionDate "2004.09.01"]
[SourceQuality "1"]

1. d4 d5 2. c4 e6 3. Nc3 c6 4. cxd5 exd5 5. Bf4 Bf5 6. e3 Qb6 7. Qd2 Nf6 8. Nge2 Be7 9. Ng3 Bg6 10. Be2 Nbd7 1/2-1/2

[Event "North Sea Cup 19th"]
[Site "Esbjerg"]
[Date "2004.07.09"]
[Round "8"]
[White "Noe, John"]
[Black "Svendsen, Mads B"]
[Result "1/2-1/2"]
[WhiteElo "2098"]
[BlackElo "2151"]
[PlyCount "111"]
[EventDate "2004.07.03"]
[EventType "swiss"]
[EventRounds "9"]
[EventCountry "DEN"]
[SourceTitle "CBM 101 Extra"]
[Source "ChessBase"]
[SourceDate "2004.09.01"]
[SourceVersion "2"]
[SourceVersionDate "2004.09.01"]
[SourceQuality "1"]

1. e4 c5 2. Nf3 d6 3. c3 Nf6 4. e5 dxe5 5. Nxe5 e6 6. Bb5+ Bd7 7. Qa4 Be7 8. 0-0 0-0 9. Rd1 Bxb5 10. Qxb5 Qc7 11. d4 a6 12. Qe2 cxd4 13. Rxd4 Nc6 14. Nxc6 Qxc6 15. Be3 Nd5 16. Nd2 Nxe3 17. fxe3 Bf6 18. Rd3 Qb5 19. Nb3 Rad8 20. Rad1 Rxd3 21. Qxd3 Qb6 22. Qe2 Rd8 23. Rxd8+ Bxd8 24. Nd4 e5 25. Nf3 Qe6 26. b3 Bb6 27. c4 f5 28. Kf1 Qd6 29. g3 g6 30. Ne1 Qc6 31. Qf3 Kf7 32. Qxc6 bxc6 33. Ke2 e4 34. Nc2 c5 35. a3 a5 36. a4 Bc7 37. Na3 g5 38. Nb5 Be5 39. Kd2 f4 40. exf4 gxf4 41. gxf4 Bxf4+ 42. Ke2 Bxh2 43. Nc3 Bc7 44. Ke3 Ke6 45. Nxe4 Ke5 46. Ng5 Kf5 47. Ne4 h5 48. Kf3 Bb6 49. Ng3+ Ke5 50. Ke3 h4 51. Nh1 h3 52. Nf2 Bd8 53. Nxh3 Kf5 54. Nf2 Be7 55. Nd3 Bd6 56. Kf3 1/2-1/2

[Event "North Sea Cup 19th"]
[Site "Esbjerg"]
[Date "2004.07.08"]
[Round "7"]
[White "Svendsen, Mads B"]
[Black "Skytte, Torill"]
[Result "0-1"]
[WhiteElo "2151"]
[BlackElo "1980"]
[PlyCount "84"]
[EventDate "2004.07.03"]
[EventType "swiss"]
[EventRounds "9"]
[EventCountry "DEN"]
[SourceTitle "CBM 101 Extra"]
[Source "ChessBase"]
[SourceDate "2004.09.01"]
[SourceVersion "2"]
[SourceVersionDate "2004.09.01"]
[SourceQuality "1"]

1. e4 e6 2. d4 d5 3. Nd2 c5 4. c3 Nf6 5. e5 Nfd7 6. Ngf3 Nc6 7. Bd3 Qb6 8. Qb3 Qxb3 9. axb3 cxd4 10. cxd4 Bb4 11. 0-0 0-0 12. Nb1 f6 13. exf6 Nxf6 14. Nc3 a6 15. h3 Bd7 16. Be3 Bd6 17. Rac1 Nh5 18. Na4 Nf4 19. Bxf4 Rxf4 20. Nc5 Bxc5 21. dxc5 e5 22. Bb1 Raf8 23. Rcd1 d4 24. Ng5 h6 25. Ne4 Na5 26. b4 Nc6 27. b5 axb5 28. Nd6 Be6 29. g3 Rf3 30. Be4 Rb3 31. Nxb7 Nb4 32. Nd6 Bxh3 33. Rfe1 Bd7 34. Rd2 Rf6 35. Bg2 Nd3 36. Bd5+ Kf8 37. Rb1 Nxc5 38. Bxb3 Nxb3 39. Ne4 Nxd2 40. Nxd2 Bc6 41. Rc1 Ke7 42. Nb3 Kd6 0-1

[Event "North Sea Cup 19th"]
[Site "Esbjerg"]
[Date "2004.07.03"]
[Round "1"]
[White "Svendsen, Mads B"]
[Black "Skytte, Rasmus"]
[Result "0-1"]
[WhiteElo "2151"]
[BlackElo "2403"]
[PlyCount "122"]
[EventDate "2004.07.03"]
[EventType "swiss"]
[EventRounds "9"]
[EventCountry "DEN"]
[SourceTitle "CBM 101 Extra"]
[Source "ChessBase"]
[SourceDate "2004.09.01"]
[SourceVersion "2"]
[SourceVersionDate "2004.09.01"]
[SourceQuality "1"]

1. e4 c5 2. Nc3 Nc6 3. g3 g6 4. Bg2 Bg7 5. d3 d6 6. f4 e6 7. Nf3 Nge7 8. Be3 0-0 9. 0-0 Nd4 10. e5 Nef5 11. Bf2 Nxf3+ 12. Bxf3 dxe5 13. fxe5 Bxe5 14. Bxc5 Bd4+ 15. Bxd4 Qxd4+ 16. Rf2 Bd7 17. Rb1 Bc6 18. Bxc6 bxc6 19. Qe2 Rab8 20. Qe4 Qg7 21. Qa4 c5 22. Qxa7 Rfc8 23. Qa6 Ne3 24. Ne4 Rd8 25. Nf6+ Kh8 26. Qc6 Nf5 27. Ne4 Rdc8 28. Qa6 Ne3 29. Nd6 Rc7 30. Qa5 f5 31. Re1 Ng4 32. Rf4 e5 33. Ra4 Rc6 34. Nc4 Rf8 35. Qc3 Re6 36. h3 Qh6 37. hxg4 Qh3 38. Re2 fxg4 39. Rg2 Qh5 40. Ra7 Ref6 41. Ne3 Qg5 42. Qd2 Rf3 43. Re2 Rxg3+ 44. Ng2 Qh5 45. Rf2 Rgf3 46. Rxf3 gxf3 47. Qf2 Qg4 48. Kh2 Rf5 49. Ra8+ Kg7 50. Ra7+ Kh6 51. Nh4 Rh5 52. Qe3+ Qf4+ 53. Qxf4+ exf4 54. a4 Rxh4+ 55. Kg1 Kg5 56. Rc7 Kg4 57. Rxc5 h6 58. Rc6 g5 59. a5 Kg3 60. a6 f2+ 61. Kf1 Rh1+ 0-1

[Event "Budapest FS11 FM"]
[Site "Budapest"]
[Date "2002.??.??"]
[Round "11"]
[White "Palinkas, Balazs"]
[Black "Svendsen, Mads B"]
[Result "0-1"]
[WhiteElo "1890"]
[BlackElo "2100"]
[PlyCount "94"]
[EventDate "2002.11.??"]
[EventType "tourn"]
[EventRounds "11"]
[EventCountry "HUN"]
[SourceTitle "CBM 091 Extra"]
[Source "ChessBase"]
[SourceDate "2003.01.09"]
[SourceVersion "1"]
[SourceVersionDate "2003.01.09"]
[SourceQuality "1"]

1. Nf3 g6 2. c4 Bg7 3. d4 d6 4. Nc3 Bg4 5. e3 Nc6 6. Be2 e5 7. d5 Nce7 8. h3 Bc8 9. 0-0 f5 10. Bd2 Nf6 11. b4 h6 12. Qb3 g5 13. Rfd1 Ng6 14. c5 Kf8 15. Be1 Ne8 16. Nd2 h5 17. f3 g4 18. Kh2 Bh6 19. Bf2 Rg8 20. Nc4 Qg5 21. Rg1 Nh4 22. Kh1 g3 23. Be1 a6 24. Bd2 Qg7 25. f4 e4 26. Bxh5 Nf6 27. Be2 Nf3 28. Rgf1 Nh2 29. cxd6 b5 30. d7 Nxd7 31. Na5 Nxf1 32. Rxf1 Nf6 33. a4 Ng4 34. axb5 Nf2+ 35. Kg1 Nxh3+ 36. gxh3 g2 37. Rc1 Qg3 38. Nxe4 fxe4 39. Qc3 Qxh3 40. Qf6+ Ke8 41. Qc6+ Bd7 42. Qxa8+ Kf7 43. Qxg8+ Kxg8 44. bxa6 Bxf4 45. exf4 e3 46. Bxe3 Qxe3+ 47. Kxg2 Qxe2+ 0-1

[Event "Budapest FS11 FM"]
[Site "Budapest"]
[Date "2002.??.??"]
[Round "4"]
[White "Svendsen, Mads B"]
[Black "Bacsi, Andras"]
[Result "1-0"]
[WhiteElo "2100"]
[BlackElo "2065"]
[PlyCount "99"]
[EventDate "2002.11.??"]
[EventType "tourn"]
[EventRounds "11"]
[EventCountry "HUN"]
[SourceTitle "CBM 091 Extra"]
[Source "ChessBase"]
[SourceDate "2003.01.09"]
[SourceVersion "1"]
[SourceVersionDate "2003.01.09"]
[SourceQuality "1"]

1. g3 e5 2. Bg2 d5 3. d3 c6 4. Nc3 Nf6 5. e4 dxe4 6. Nxe4 Nxe4 7. Bxe4 Bc5 8. Qh5 Qd6 9. Nf3 Nd7 10. Nd2 g6 11. Qe2 0-0 12. 0-0 Re8 13. Nc4 Qe7 14. Bg2 Nb6 15. Nd2 Nd5 16. Re1 f6 17. c3 Be6 18. Ne4 Bb6 19. c4 Nc7 20. b4 Bd4 21. Rb1 Rad8 22. c5 Nd5 23. Qc2 Kg7 24. Nd6 Rxd6 25. cxd6 Qxd6 26. Bd2 b6 27. Rec1 Rc8 28. Qa4 Rc7 29. Rc2 c5 30. Rbc1 Kf7 31. bxc5 Bxc5 32. Bxd5 Qxd5 33. Qe4 Rd7 34. Be3 Bxe3 35. Qxe3 Qxd3 36. Qxd3 Rxd3 37. Rc7+ Rd7 38. Rxd7+ Bxd7 39. Rc7 Ke6 40. Rxa7 h5 41. Ra6 Kd5 42. Rxb6 Bc6 43. Kf1 g5 44. Ke1 f5 45. Rb8 Kd4 46. a4 f4 47. a5 fxg3 48. fxg3 h4 49. gxh4 gxh4 50. a6 1-0

[Event "Budapest FS11 FM"]
[Site "Budapest"]
[Date "2002.??.??"]
[Round "8"]
[White "Svendsen, Mads B"]
[Black "Pesola, Jyrki"]
[Result "1-0"]
[WhiteElo "2100"]
[BlackElo "2095"]
[PlyCount "63"]
[EventDate "2002.11.??"]
[EventType "tourn"]
[EventRounds "11"]
[EventCountry "HUN"]
[SourceTitle "CBM 091 Extra"]
[Source "ChessBase"]
[SourceDate "2003.01.09"]
[SourceVersion "1"]
[SourceVersionDate "2003.01.09"]
[SourceQuality "1"]

1. d4 f5 2. c4 e6 3. Nc3 Nf6 4. Bg5 Be7 5. e3 d5 6. Qc2 c6 7. Bd3 0-0 8. Nge2 Ne4 9. Bxe7 Qxe7 10. f3 Nxc3 11. Nxc3 Nd7 12. 0-0-0 dxc4 13. Bxc4 b5 14. Bd3 Nb6 15. Kb1 a5 16. g4 b4 17. Na4 Nd5 18. Rhe1 Ba6 19. Bxa6 Rxa6 20. gxf5 Rb8 21. Qc4 Rb5 22. e4 Nc7 23. Nc5 Rab6 24. fxe6 a4 25. Nd7 Ra6 26. d5 a3 27. d6 Qxe6 28. dxc7 Qxc4 29. c8Q+ Kf7 30. Qf8+ Kg6 31. Rg1+ Kh5 32. Qxg7 1-0

[Event "Budapest FS11 FM"]
[Site "Budapest"]
[Date "2002.??.??"]
[Round "7"]
[White "Szirmai, Eduard"]
[Black "Svendsen, Mads B"]
[Result "0-1"]
[WhiteElo "2170"]
[BlackElo "2100"]
[PlyCount "64"]
[EventDate "2002.11.??"]
[EventType "tourn"]
[EventRounds "11"]
[EventCountry "HUN"]
[SourceTitle "CBM 091 Extra"]
[Source "ChessBase"]
[SourceDate "2003.01.09"]
[SourceVersion "1"]
[SourceVersionDate "2003.01.09"]
[SourceQuality "1"]

1. d4 g6 2. e4 Bg7 3. Nc3 d6 4. Nf3 Nc6 5. Be3 e5 6. dxe5 Nxe5 7. Nxe5 Bxe5 8. Qd2 Bg7 9. Bc4 Nf6 10. f3 Be6 11. Bxe6 fxe6 12. 0-0 0-0 13. Rad1 Nd7 14. Kh1 Ne5 15. b3 Qf6 16. Ne2 Nc6 17. c3 e5 18. c4 Qe6 19. Qd5 Rae8 20. Qb5 Qc8 21. c5 dxc5 22. Bxc5 Rf7 23. Rd5 Nd4 24. Qc4 c6 25. Rd6 Nxe2 26. Qxe2 Bf8 27. Qc4 Bxd6 28. Bxd6 Qe6 29. Qb4 b6 30. f4 c5 31. Qd2 Rd8 32. Rd1 Rxf4 0-1